000 00665cab a2200229 4500
001 WB3421-33
008 090401t1998 xxu||||| |||| 00| 0 eng d
035 _a(Sirsi) u86570
041 _aeng
245 _aRethink for polluted site funding
260 _c1998
350 _a0
490 _aProperty Week
_v63(7) 29 May 1998, 2(1)
520 _aThe RICS is to lobby the government`s Urban Task Force to recommend the creation of a new funding regime for contaminated sites.
650 _aCONTAMINATED LAND
650 _aFUNDING
650 _aJOSEPH ROWNTREE TRUST
650 _aURBAN TASK FORCE
690 _aLAND
942 _n0
948 _c03/06/1998
999 _c54499
_d54499